| 000 | 00726nam a2200181Ia 4500 | ||
|---|---|---|---|
| 008 | 151018s9999 xx 000 0 und d | ||
| 082 |
_bRBASDV24705 _a954.0258 |
||
| 100 | _aसेतुमाधव पगडी | ||
| 245 | _aनियतीच्या विळख्यात औरंगजेब | ||
| 250 | _b1 | ||
| 260 |
_bपरचुरे प्रकाशन मुंबई _c1993 |
||
| 300 | _a256 | ||
| 600 | _aसेतुमाधव पगडी | ||
| 630 | _aनियतीच्या विळख्यात औरंगजेब | ||
| 700 | _aसेतुमाधव पगडी | ||
| 730 | _aनियतीच्या विळख्यात औरंगजेब | ||
| 942 | _cBOOK | ||
| 999 |
_c1024346 _d1024343 |
||